000 01278cas a22003857a 4500
005 20220329142047.0
008 990518d1876 enkmr pernn 0 a1b1eng d
010 _a77815
011 _a78787
022 0 _a0003-2654
035 _a88856
245 0 4 _aThe Analyst
_c/by Society for Analytical Chemistry
260 0 _aBurlington, Eng. :
_bSociety for Analytical Chemistry,
_c1876-
300 _av.
310 _aMensual
362 1 _av.99 n.1180, 1974.
590 _aBATCH-UPD
_b10
_c20130110
_lUCH01
_h0707
590 _aBATCH-UPD
_b10
_c20130410
_lUCH01
_h0353
590 _aBATCH-UPD
_b10
_c20130914
_lUCH01
_h1950
590 _aCONVERSION
_b10
_c20130109
_lUCH01
_h1343
650 1 4 _aQuímica analítica
_xPublicaciones periódicas.
_993585
866 _av.84 n.994-1005 (1959)
866 _av.85 n.1006-1017 (1960)
866 _av.86 n.1018-1029 (1961)
866 _av.87 n.1030-1041 (1962)
866 _av.96 n.1138-1139 (1971)
866 _av.96 n.1141,1143 (1971)
866 _av.96 n.1144-1145 (1971)
866 _av.96 n.1148-1149 (1971)
866 _av.97 n.1150,1152 (1972)
866 _av.99 n.1180 (1974)
901 _aSE
905 _aMarco A. Mendoza T.
999 _c77815
_d77815